[Event "HUN-chT2 Toth 0910"]
[Site "Hungary"]
[Date "2009.12.06"]
[Round "3.11"]
[White "Peczely, Istvan"]
[Black "Horvath, Adam2222"]
[Result "1-0"]
[WhiteElo "1815"]
[BlackElo "100"]
[PlyCount "59"]
[EventDate "2009.11.08"]
[EventType "team-tourn"]
[EventRounds "11"]
[EventCountry "HUN"]
[SourceTitle "EXT 2011"]
[Source "ChessBase"]
[SourceDate "2010.11.26"]
[SourceVersion "1"]
[SourceVersionDate "2010.11.26"]
[SourceQuality "1"]
[WhiteTeam "Maroczy II"]
[BlackTeam "Kkfhazi Honved"]
[WhiteTeamCountry "HUN"]
[BlackTeamCountry "HUN"]

1. e4 c6 2. Nc3 d5 3. Nf3 dxe4 4. Nxe4 Bf5 5. Ng3 Bd7 6. Bc4 e6 7. d3 Nf6 8. Bg5 Be7 9. 0-0 0-0 10. Re1 Nd5 11. Bxe7 Qxe7 12. Qd2 Qb4 13. c3 Qe7 14. d4 Bc8 15. Bd3 Nd7 16. Ne5 c5 17. Nxd7 Bxd7 18. dxc5 Qxc5 19. Re5 Qc7 20. Rae1 Nf6 21. Nh5 Nxh5 22. Rxh5 g6 23. Qh6 Rfd8 24. Qxh7+ Kf8 25. Qh6+ Ke8 26. Bxg6 fxg6 27. Qxg6+ Ke7 28. Qg7+ Kd6 29. Qe5+ Kc6 30. Qc5# 1-0